Statistics for SEC Conference Championship Game Winners in Football

Click here to take the quiz!

General Stats

  • This quiz has been taken 183 times
    (116 since last reset)
  • The average score is 26 of 26

Answer Stats

YearTeam% Correct
1992Alabama
100%
2015Alabama
100%
2014Alabama
100%
2012Alabama
100%
2009Alabama
100%
1999Alabama
100%
2016Alabama
100%
2000Florida
100%
1993Florida
100%
1994Florida
100%
1995Florida
100%
2008Florida
100%
1996Florida
100%
2006Florida
100%
2004Auburn
99%
2010Auburn
99%
2013Auburn
99%
2002Georgia
99%
2005Georgia
99%
2017Georgia
99%
2001LSU
96%
2003LSU
96%
2007LSU
96%
2011LSU
96%
1998Tennessee
95%
1997Tennessee
95%

Score Distribution

Percentile by Number Answered

Percent of People with Each Score

Your Score History

You have not taken this quiz since the last reset